[Event "BdF-Diamant 05 email"]
[Site "GER email"]
[Date "2014.06.25"]
[Round "?"]
[White "Koch, Daniela"]
[Black "Kubikova, Hana"]
[Result "0-1"]
[WhiteElo "2092"]
[BlackElo "2128"]
[PlyCount "24"]
[EventDate "2014.??.??"]
[EventType "tourn (corr)"]
[EventRounds "16"]
[EventCountry "GER"]
[SourceTitle "Corr 2015"]
[Source "ChessBase"]
[SourceDate "2015.07.17"]
[SourceVersion "1"]
[SourceVersionDate "2015.07.17"]
[SourceQuality "1"]

1. e4 c5 2. Nf3 e6 3. d4 cxd4 4. Nxd4 Nc6 5. Nc3 Qc7 6. Be3 a6 7. Be2 Nf6 8. 0-0 Be7 9. f4 d6 10. a3 0-0 11. Qe1 Nxd4 12. Bxd4 e5 0-1

[Event "BdF-Diamant 05 email"]
[Site "GER email"]
[Date "2014.06.25"]
[Round "?"]
[White "Koch, Daniela"]
[Black "Levandovska, Vira"]
[Result "0-1"]
[WhiteElo "2092"]
[BlackElo "2160"]
[PlyCount "22"]
[EventDate "2014.??.??"]
[EventType "tourn (corr)"]
[EventRounds "16"]
[EventCountry "GER"]
[SourceTitle "Corr 2015"]
[Source "ChessBase"]
[SourceDate "2015.07.17"]
[SourceVersion "1"]
[SourceVersionDate "2015.07.17"]
[SourceQuality "1"]

1. e4 c5 2. Nf3 e6 3. d4 cxd4 4. Nxd4 a6 5. Bd3 Bc5 6. Nb3 Ba7 7. 0-0 Ne7 8. Qe2 Nbc6 9. Be3 Bxe3 10. Qxe3 0-0 11. Nc3 Qc7 0-1

[Event "GER T181-A01-S email"]
[Site "GER email"]
[Date "2013.12.23"]
[Round "?"]
[White "Koch, Daniela"]
[Black "Thoma, Eberhard"]
[Result "1-0"]
[WhiteElo "1866"]
[BlackElo "1855"]
[PlyCount "61"]
[EventDate "2013.12.30"]
[EventType "tourn (corr)"]
[EventRounds "8"]
[EventCountry "GER"]
[SourceTitle "Corr 2015"]
[Source "ChessBase"]
[SourceDate "2015.07.17"]
[SourceVersion "1"]
[SourceVersionDate "2015.07.17"]
[SourceQuality "1"]

1. b3 e5 2. Bb2 Nc6 3. c4 Nf6 4. Nf3 e4 5. Nd4 Bc5 6. Nc2 d5 7. b4 Be7 8. b5 Na5 9. cxd5 Qxd5 10. Nc3 Qc5 11. Ne3 Be6 12. Rc1 Qb4 13. Qc2 0-0 14. g4 c6 15. bxc6 bxc6 16. Ba1 Rab8 17. Bg2 Nxg4 18. Nxg4 Bxg4 19. Bxe4 g6 20. Nd1 Be6 21. Bc3 Qb5 22. h4 Rfd8 23. h5 Bg4 24. Bd3 Qd5 25. f3 Bxh5 26. Ne3 Qc5 27. Kf2 Nb7 28. Qa4 Kf8 29. Bf5 Qa3 30. Qf4 Nd6 31. Rxh5 1-0

[Event "GER Cup19 sf09 serv"]
[Site "GER email"]
[Date "2013.07.14"]
[Round "?"]
[White "Koch, Hans Georg"]
[Black "Koch, Daniela"]
[Result "1-0"]
[WhiteElo "2099"]
[BlackElo "1866"]
[PlyCount "111"]
[EventDate "2013.07.20"]
[EventType "tourn (corr)"]
[EventRounds "6"]
[EventCountry "GER"]
[SourceTitle "Corr 2015"]
[Source "ChessBase"]
[SourceDate "2015.07.17"]
[SourceVersion "1"]
[SourceVersionDate "2015.07.17"]
[SourceQuality "1"]

1. Nf3 Nf6 2. c4 g6 3. g3 Bg7 4. Bg2 0-0 5. 0-0 d6 6. d4 Nbd7 7. Nc3 e5 8. e4 exd4 9. Nxd4 Nc5 10. h3 a5 11. Be3 Re8 12. Qc2 Qe7 13. Rfe1 c6 14. Rad1 a4 15. f4 Qc7 16. Bf2 Qa5 17. Nf3 a3 18. b3 Nh5 19. Nd4 Bd7 20. Qd2 Rad8 21. Re3 Be6 22. Nb1 Qxd2 23. Rxd2 Bxd4 24. Rxd4 f5 25. Nc3 fxe4 26. b4 Nd3 27. g4 Nhxf4 28. Nxe4 Rf8 29. Bh4 Nxg2 30. Kxg2 Nxb4 31. Nf6+ Rxf6 32. Bxf6 Re8 33. Rb3 c5 34. Rxd6 Bxc4 35. Rxa3 Nd5 36. Bg5 Bb5 37. Kg3 Bc6 38. Rd8 Rxd8 39. Bxd8 Kf7 40. Ra5 Nc3 41. Kf4 Na4 42. Kg5 Kg7 43. Be7 h6+ 44. Kf4 g5+ 45. Kf5 Kf7 46. Bxc5 Bd7+ 47. Ke5 b6 48. Bxb6 Nxb6 49. Ra6 Nc4+ 50. Kd5 Ne3+ 51. Kc5 Ng2 52. a4 Bxa4 53. Rxa4 Nf4 54. Ra3 Ke7 55. Kd4 Kf7 56. h4 1-0

[Event "GER-ch24 final (Women) email"]
[Site "GER email"]
[Date "2013.05.08"]
[Round "?"]
[White "Achatz, Kirstin"]
[Black "Koch, Daniela"]
[Result "1-0"]
[WhiteElo "2029"]
[BlackElo "1844"]
[PlyCount "53"]
[EventDate "2013.05.11"]
[EventType "tourn (corr)"]
[EventRounds "11"]
[EventCountry "GER"]
[SourceTitle "Corr 2015"]
[Source "ChessBase"]
[SourceDate "2015.07.17"]
[SourceVersion "1"]
[SourceVersionDate "2015.07.17"]
[SourceQuality "1"]

1. d4 Nf6 2. Nf3 e6 3. e3 c5 4. Bd3 Nc6 5. 0-0 d5 6. b3 Bd6 7. Bb2 Qe7 8. c4 dxc4 9. bxc4 b6 10. Nc3 0-0 11. Re1 Ba6 12. Nb5 Bxb5 13. cxb5 Na5 14. e4 c4 15. Bc2 Ba3 16. Bc3 a6 17. Rb1 Nb7 18. Nd2 axb5 19. Rxb5 Qc7 20. Qf3 Rfd8 21. Rg5 h6 22. Rg3 Kf8 23. Nf1 b5 24. Ne3 b4 25. e5 Nd5 26. Nxd5 Rxd5 27. Bd2 1-0

[Event "GER-ch24 final (Women) email"]
[Site "GER email"]
[Date "2013.05.08"]
[Round "?"]
[White "Koch, Daniela"]
[Black "Willert Betker, Sabine"]
[Result "1/2-1/2"]
[WhiteElo "1844"]
[BlackElo "2112"]
[PlyCount "32"]
[EventDate "2013.05.11"]
[EventType "tourn (corr)"]
[EventRounds "11"]
[EventCountry "GER"]
[SourceTitle "Corr 2015"]
[Source "ChessBase"]
[SourceDate "2015.07.17"]
[SourceVersion "1"]
[SourceVersionDate "2015.07.17"]
[SourceQuality "1"]

1. e4 c5 2. Nc3 Nc6 3. Nge2 e5 4. Nd5 Nf6 5. Nec3 Be7 6. Bc4 0-0 7. a4 Nxd5 8. Nxd5 d6 9. c3 Kh8 10. 0-0 Bg5 11. Qe2 f5 12. d3 Bxc1 13. Raxc1 f4 14. f3 Be6 15. Qf2 Bg8 16. Rfd1 Rc8 1/2-1/2

[Event "GER T155-B30-S email"]
[Site "GER email"]
[Date "2012.11.16"]
[Round "?"]
[White "Jaeger, Willy"]
[Black "Koch, Daniela"]
[Result "0-1"]
[WhiteElo "1659"]
[BlackElo "1844"]
[PlyCount "32"]
[EventDate "2012.11.23"]
[EventType "tourn (corr)"]
[EventRounds "8"]
[EventCountry "GER"]
[SourceTitle "Corr 2015"]
[Source "ChessBase"]
[SourceDate "2015.07.17"]
[SourceVersion "1"]
[SourceVersionDate "2015.07.17"]
[SourceQuality "1"]

1. e4 c5 2. Nf3 Nc6 3. Nc3 e6 4. Be2 Nf6 5. 0-0 d5 6. exd5 Nxd5 7. d4 Be7 8. Nxd5 exd5 9. Be3 c4 10. b3 Na5 11. Bd2 Be6 12. Ne5 Nc6 13. Nxc6 bxc6 14. bxc4 dxc4 15. c3 Qa5 16. Bf3 Qa6 0-1

[Event "GER T155-B30-S email"]
[Site "GER email"]
[Date "2012.11.16"]
[Round "?"]
[White "Koch, Daniela"]
[Black "Jaeger, Willy"]
[Result "1-0"]
[WhiteElo "1844"]
[BlackElo "1659"]
[PlyCount "33"]
[EventDate "2012.11.23"]
[EventType "tourn (corr)"]
[EventRounds "8"]
[EventCountry "GER"]
[SourceTitle "Corr 2015"]
[Source "ChessBase"]
[SourceDate "2015.07.17"]
[SourceVersion "1"]
[SourceVersionDate "2015.07.17"]
[SourceQuality "1"]

1. e4 c5 2. Nf3 Nc6 3. Nc3 e5 4. Bc4 d6 5. d3 Be7 6. 0-0 Nf6 7. Nd5 Nxd5 8. Bxd5 0-0 9. Bd2 Qb6 10. Rb1 a5 11. Re1 a4 12. b3 axb3 13. c3 Bf6 14. Be3 Ne7 15. Rxb3 Qc7 16. Bc4 Bd7 17. Rb2 1-0

[Event "GER Liga Q Server-16 email"]
[Site "GER email"]
[Date "2012.01.28"]
[Round "?"]
[White "Hasche, Marco"]
[Black "Koch, Daniela"]
[Result "1-0"]
[WhiteElo "2022"]
[BlackElo "1844"]
[PlyCount "41"]
[EventDate "2012.02.07"]
[EventType "tourn (corr)"]
[EventRounds "6"]
[EventCountry "GER"]
[SourceTitle "Corr 2015"]
[Source "ChessBase"]
[SourceDate "2015.07.17"]
[SourceVersion "1"]
[SourceVersionDate "2015.07.17"]
[SourceQuality "1"]

1. e4 c5 2. c3 e6 3. d4 d5 4. e5 cxd4 5. cxd4 Nc6 6. Nf3 Bb4+ 7. Nc3 Nge7 8. Bd3 0-0 9. Bxh7+ Kxh7 10. Ng5+ Kg8 11. Qh5 Re8 12. Qh7+ Kf8 13. Qh8+ Ng8 14. Nh7+ Ke7 15. Bg5+ Nf6 16. Qxg7 Kd7 17. Nxf6+ Kc7 18. Nxe8+ Qxe8 19. 0-0 Nxd4 20. Rac1 Kb8 21. h4 1-0

[Event "GER Liga Q Server-16 email"]
[Site "GER email"]
[Date "2012.01.28"]
[Round "?"]
[White "Koch, Daniela"]
[Black "Vieth, Martin"]
[Result "1/2-1/2"]
[WhiteElo "1844"]
[BlackElo "1963"]
[PlyCount "20"]
[EventDate "2012.02.07"]
[EventType "tourn (corr)"]
[EventRounds "6"]
[EventCountry "GER"]
[SourceTitle "Corr 2015"]
[Source "ChessBase"]
[SourceDate "2015.07.17"]
[SourceVersion "1"]
[SourceVersionDate "2015.07.17"]
[SourceQuality "1"]

1. e4 e5 2. Nf3 Nf6 3. d4 Nxe4 4. Bd3 d5 5. Nxe5 Bd6 6. 0-0 0-0 7. c4 c6 8. Nc3 Nxc3 9. bxc3 Bxe5 10. dxe5 dxc4 1/2-1/2